| 000 | 00367nam a22001577a 4500 | ||
|---|---|---|---|
| 003 | SGT | ||
| 020 | _a978-81-317-2048-6 | ||
| 082 |
_a620.1064 _bVER |
||
| 100 | _aVERSTEEG,H | ||
| 245 | _aAN INTRODUCTION TO COMPUTATIONAL FLUID DYNAMICS. | ||
| 250 | _a2ND | ||
| 260 |
_aNOIDA(U.P) _bPEARSON _c2009 |
||
| 300 | _a517 | ||
| 650 | _aCIVIL ENGINEERING | ||
| 942 |
_2ddc _cBK |
||
| 999 |
_c14664 _d14664 |
||